Top 10 Città più popolose Provincia di Belluno - Statistics

Statistiche generali
  • Questo quiz è stato fatto 26 volte
  • Il punteggio medio è 6 su 10
Statistiche sulle risposte
Popolazione (ab.) Città % Corretto
35 591 Belluno
100%
20 525 Feltre
83%
5 890 Cortina d'Ampezzo
79%
8 387 Ponte nelle Alpi
63%
5 555 Longarone
58%
9 906 Sedico
58%
7 175 Alpago
50%
5 061 Limana
46%
6 767 Santa Giustina
46%
13 747 Borgo Valbelluna
42%
Nessun quiz corrispondente trovato
Distribuzione punteggi
Percentuale di utenti per punteggio
Percentile per numero di risposta
I tuoi punteggi nel tempo
Non hai fatto questo quiz